000 00565nam a22002177a 4500
003 UA-OsUOA
001 76426
007 ta
008 20110705b un ||||| |||| 00| 0 ukr d
100 _aСушко А.О.
090 _a902
_bС91
942 _cSA
040 _aUA-OsUOA
_bukr
_cUA-OsUOA
_dUA-OsUOA
245 _aДавньоруські писанки
300 _aС.46-53
955 _a0
041 _aukr
080 _a902
773 0 _w76422
_tАрхеологія
_dК.
_d2011
_g2
650 7 _a9 Географія. Біографії. Історія
_2UDC
999 _c362725
_d362725